| 000 | 00589nam a22001697a 4500 | ||
|---|---|---|---|
| 005 | 20260114190546.0 | ||
| 008 | 260114b |||||||| |||| 00| 0 eng d | ||
| 020 | _a9781636515717 | ||
| 041 | _aEng | ||
| 082 | _a005.54 PIL | ||
| 100 | _a Pillai, Sini V. | ||
| 245 | _aMicrosoft Power BI Essentials You Always Wanted To Know Master Data Transformation, Visualizations, AI Integration & Reporting For Smarter Business Insights | ||
| 260 |
_aUSA _bVibrant _c2025 |
||
| 300 | _a334;. P. 21 cm | ||
| 650 | _aMicrosoft Excel ; Microsoft PowerPivot ; Business--Data processing | ||
| 942 | _cBK | ||
| 999 |
_c46520 _d46520 |
||